|
|
|
|
| LEADER |
00000nam0a2200000 4500 |
| 001 |
219781 |
| 005 |
20231101230301.0 |
| 010 |
|
|
|a 9785982813107
|
| 010 |
|
|
|a 978-5-16-006091-0
|
| 035 |
|
|
|a (RuTPU)RU\TPU\book\239877
|
| 090 |
|
|
|a 219781
|
| 100 |
|
|
|a 20120719d2012 m y0rusy50 ca
|
| 101 |
0 |
|
|a rus
|
| 102 |
|
|
|a RU
|
| 105 |
|
|
|a a j 001zy
|
| 200 |
1 |
|
|a Материалы и технологические процессы машиностроительных производств
|e учебное пособие для вузов
|f Е. А. Кудряшов [и др.]
|
| 210 |
|
|
|a Москва
|c Инфра-М
|c Альфа-М
|d 2012
|
| 215 |
|
|
|a 251 с.
|c ил.
|
| 225 |
1 |
|
|a Технологический сервис
|
| 320 |
|
|
|a Библиогр.: с. 247-248.
|
| 330 |
|
|
|a Рассмотрены основные технологические процессы производства промышленных материалов в различных отраслях промышленности. Дается классификация важнейших видов промышленных материалов как предпосылка создания технологий для их получения. Для студентов вузов, обучающихся по направлению подготовки бакалавров «Материаловедение и технологии материалов».
|
| 606 |
1 |
|
|a Машиностроительные материалы
|2 stltpush
|3 (RuTPU)RU\TPU\subj\41662
|9 61449
|
| 610 |
1 |
|
|a машиностроение
|
| 610 |
1 |
|
|a понятия
|
| 610 |
1 |
|
|a определения
|
| 610 |
1 |
|
|a сырье
|
| 610 |
1 |
|
|a вода
|
| 610 |
1 |
|
|a энергия
|
| 610 |
1 |
|
|a технологические процессы
|
| 610 |
1 |
|
|a физические процессы
|
| 610 |
1 |
|
|a электрохимические процессы
|
| 610 |
1 |
|
|a промышленные материалы
|
| 610 |
1 |
|
|a химическая продукция
|
| 610 |
1 |
|
|a нефтепродукты
|
| 610 |
1 |
|
|a строительные материалы
|
| 610 |
1 |
|
|a металлы
|
| 610 |
1 |
|
|a сплавы
|
| 610 |
1 |
|
|a коррозия
|
| 610 |
1 |
|
|a электротехнические материалы
|
| 610 |
1 |
|
|a электронные материалы
|
| 610 |
1 |
|
|a приборостроительные материалы
|
| 610 |
1 |
|
|a учебные пособия
|
| 675 |
|
|
|a 621.002.3(075.8)
|v 3
|
| 701 |
|
1 |
|a Кудряшов
|b Е. А.
|g Евгений Алексеевич
|
| 701 |
|
1 |
|a Емельянов
|b С. Г.
|g Сергей Геннадьевич
|
| 701 |
|
1 |
|a Яцун
|b Е. И.
|g Елена Ивановна
|
| 701 |
|
1 |
|a Павлов
|b Е. В.
|g Евгений Васильевич
|
| 801 |
|
1 |
|a RU
|b 63413507
|c 20120719
|
| 801 |
|
2 |
|a RU
|b 63413507
|c 20150601
|g RCR
|
| 900 |
|
|
|a Технологические процессы машиностроительного производства
|
| 900 |
|
|
|a Технология машиностроения
|
| 900 |
|
|
|a Технология машиностроительного производства
|
| 900 |
|
|
|a Сервисное обеспечение технологического оборудования
|
| 942 |
|
|
|c BK
|
| 951 |
|
|
|b 150100
|
| 959 |
|
|
|a 82/20120524
|d 5
|e 269,90
|f ЧЗТЛ:1
|f АНЛ:1
|f УФ:3
|